[Event "San Francisco TNM Spring op"]
[Site "San Francisco"]
[Date "2014.04.08"]
[Round "4"]
[White "Poblete, Tyrone C"]
[Black "Regzedmaa, Ganhuyag"]
[Result "0-1"]
[WhiteElo "1293"]
[BlackElo "1483"]
[PlyCount "42"]
[EventDate "2014.03.18"]
[EventType "swiss"]
[EventRounds "8"]
[EventCountry "USA"]
[SourceTitle "EXT 2016"]
[Source "ChessBase"]
[SourceDate "2015.10.08"]
[SourceVersion "1"]
[SourceVersionDate "2015.10.08"]
[SourceQuality "1"]

1. e4 e5 2. Nf3 Nc6 3. Nc3 Nf6 4. Bc4 h6 5. d3 d6 6. h3 Be7 7. Nh4 Nd4 8. Nf3 c6 9. Nxd4 exd4 10. Ne2 b5 11. Bb3 c5 12. Ng3 0-0 13. Qf3 Be6 14. Nf5 Kh7 15. g4 c4 16. g5 Ng8 17. Rg1 g6 18. Nxe7 Qxe7 19. dxc4 bxc4 20. Ba4 Bd5 21. Qg3 Qxe4+ 0-1